Представление документа в формате MARC21

Поле Инд. ПП Название Значение
Тип записи a
Библиографический уровень a
001 Контрольный номер e3eba6a1a6524748ac2d94c0f671cd19
005 Дата корректировки 20240415110450.7
041 0_ a Код языка текста rus
080 a Индекс УДК 621.311.243
097 b Оператор *X*
100 1_ a Автор Кузнецов Д.И.
245 10 a Заглавие Использование солнечной энергии в России и за рубежом
p Название части/ раздела - Текст : электронный
b Продолж. заглавия статья
260 a Место издания Тверь
b Издательство ТвГТУ
520 0_ a Аннотация В работе рассмотрено применение солнечной энергии как источника электроэнергии. Проанализирован опыт зарубежных стран, исследовано развитие солнечной энергетики в России и за рубежом, а также перспективы увеличения доли энергии, полученной на солнечных электростанциях в общемировой практике в будущем.
653 0_ a Ключевые слова Солнечная энергетика
a Ключевые слова Солнечная энергия
a Ключевые слова Возобновляемая энергетика
a Ключевые слова Возобновляемые источники энергии
700 12 a Другие авторы Араратьян Л.С.
700 12 a Другие авторы Павлова Ю.М.
773 18 w Контрольный № источника 65128fedec2a4f41a325d369bb763e38
t Название источника Энергоресурсосбережение в промышленности
d Место и дата издания Тверь : ТвГТУ, 2023
g Прочая информация С. 220-224
901 t Тип документа a
950 a Редактор записи мс
951 i EL-ТГТУ? Да